Lyin' Eyes-Eagles Lyric Quiz - Statistics

General Stats
  • This quiz has been taken 36 times
    24 since last reset
  • The average score is 337 of 394
Answer Stats
Hint Answer % Correct
a
100%
an
100%
and
100%
by
100%
can't
100%
eyes
100%
hide
100%
I
100%
is
100%
lyin'
100%
no
100%
now
100%
she
100%
Verse 3 She
100%
smile
100%
the
100%
thin
100%
thought
100%
to
100%
way
100%
Chorus You
100%
you
100%
your
100%
ain't
92%
but
92%
disguise
92%
find
92%
girl
92%
go
92%
have
92%
he
92%
her
92%
him
92%
how
92%
in
92%
just
92%
know
92%
man
92%
old
92%
Verse 2 On
92%
on
92%
one
92%
out
92%
realize
92%
there
92%
Outro There
92%
up
92%
with
92%
wont
92%
worry
92%
you'd
92%
as
85%
boy
85%
Verse 1 City
85%
cold
85%
could
85%
doors
85%
dreams
85%
dress
85%
early
85%
evening
85%
feel
85%
for
85%
friend
85%
girls
85%
goin'
85%
hands
85%
head
85%
ice
85%
it
85%
its
85%
"it's
85%
it's
85%
knew
85%
knows
85%
makes
85%
of
85%
open
85%
other
85%
rich
85%
seem
85%
she'll
85%
she's
85%
side
85%
so
85%
style
85%
think
85%
town
85%
used
85%
waiting
85%
where
85%
while"
85%
arms
77%
breaks
77%
cheatin'
77%
comfort
77%
down
77%
ever
77%
feelin'
77%
fiery
77%
get
77%
gets
77%
heart
77%
lace
77%
leavin'
77%
night
77%
only
77%
steal
77%
tells
77%
that
77%
thinks
77%
whispers
77%
about
69%
all
69%
anticipating
69%
at
69%
be
69%
big
69%
'cause
69%
did
69%
drives
69%
has
69%
headed
69%
his
69%
house
69%
late
69%
leaves
69%
lonely
69%
love
69%
oh
69%
same
69%
through
69%
together
69%
who's
69%
another
62%
change
62%
didn't
62%
every
62%
fall
62%
funny
62%
given
62%
gone
62%
guess
62%
herself
62%
life
62%
new
62%
pours
62%
refuge
62%
school
62%
still
62%
strong
62%
they
62%
things
62%
things?
62%
arrange
54%
away
54%
back
54%
carefully
54%
crazy
54%
far
54%
forever
54%
gonna
54%
got
54%
lazy?
54%
long
54%
Bridge My
54%
my
54%
or
54%
price
54%
rushes
54%
soon
54%
sure
54%
swears
54%
this
54%
tired
54%
wonders
54%
you're
54%
comin'
46%
cry
46%
feels
46%
form
46%
sky
46%
stars
46%
well
46%
fool
38%
honey
38%
set
38%
hangs
31%
like
31%
stares
31%
draws
23%
goes
23%
shade
23%
No matching quizzes found
Score Distribution
Percent of People with Each Score
Percentile by Number Answered
Your Score History
You have not taken this quiz since the last reset